| 000 | 00686nam a22002177a 4500 | ||
|---|---|---|---|
| 999 |
_c10937 _d10937 |
||
| 003 | AR-CdUCM | ||
| 008 | 190402b ||||| |||| 00| 0 spa d | ||
| 040 |
_aMUNICIPALIDAD PROVINCIAL DEL CUSCO _cBIBLIOTECA MUNICIPAL DEL CUSCO |
||
| 082 |
_a869.552 / _bL39 / 1934 |
||
| 100 |
_aLeguia, Jorge Guillermo _926229 |
||
| 245 | _aD. Ricardo Palma / | ||
| 260 |
_aLima : _bCIP, _c1934. |
||
| 300 |
_a42 páginas ; _c18 cm. |
||
| 505 | _aContenido: Ricardo Palma. | ||
| 650 |
_aTradiciones peruanas _9305 |
||
| 650 |
_aHistoria _9136 |
||
| 650 |
_aLietartura _928014 |
||
| 710 |
_aConferencia en la sociedad geográfica de Lima (colaborador) _928015 |
||
| 942 |
_2ddc _cLIBROS |
||
| 945 | _aacv | ||